| 000 | 00963nam a22003137a 4500 | ||
|---|---|---|---|
| 003 | CHAP | ||
| 005 | 20220329143843.0 | ||
| 008 | 010926s1971 mx a r 00010 spa d | ||
| 010 | _a102818 | ||
| 011 | _a103790 | ||
| 035 | _a114479 | ||
| 040 | _cCHAP | ||
| 090 | _aFolleto 18128 | ||
| 100 | 0 | 0 |
_aHanway, John. _952606 |
| 245 | 1 | 0 |
_aComo se desarrolla una planta de maíz _c/por John J. Hanway |
| 260 |
_aMéxico, D.F. : _bCIMMYT, _c1971 |
||
| 300 |
_a26 p. : _bilus. |
||
| 490 | 0 |
_aSpecial report _v; 48 |
|
| 590 |
_aBATCH-UPD _b10 _c20130110 _lUCH01 _h1155 |
||
| 590 |
_aBATCH-UPD _b10 _c20130410 _lUCH01 _h0738 |
||
| 590 |
_aBATCH-UPD _b10 _c20130914 _lUCH01 _h1601 |
||
| 590 |
_aCONVERSION _b10 _c20130109 _lUCH01 _h1357 |
||
| 650 | 0 | 4 |
_aMaíz _xFertilización. _970956 |
| 650 | 0 | 4 |
_aMaíz _xRendimiento. _971051 |
| 830 | 0 |
_aSpecial report _v; 48 _9109163 |
|
| 901 | _aBK | ||
| 942 | _cFOLL | ||
| 949 |
_aFolleto 18128 _bBC _cFOLL _d33724002327272 _eTS1 _i114479 _sb |
||
| 999 |
_c102818 _d102818 |
||